000
00329 a2200157 4500
001
73859
020
_a
8513011681
040
_c
Anchieta - Colégio São Paulo
100
_a
Pompéia, Raul
240
1
0
_a
O Ateneu
_l
por
245
1
0
_a
O Ateneu
300
_a
174
362
0
_a
1998
650
4
_a
Ficção brasileira
942
_c
BK
999
_c
73859
_d
73859